01762nam a2200337Ia 450000500170000000800410001702000190005810000310007724501180010825000390022630000520026549000230031750503120034065000520065265000520070465000360075665000330079265000360082565000360086165000520089770000370094974002410098694200150122726400330124233600270127533700330130233800280133504000350136308400110139899900150140920220317001137.0160825s2008 ck a g 000 0 spa  a978958300270121 aArciniegas, Triunfod1957-10aCaperucita Roja y otras historias perversascTriunfo Arciniegas ; ilustrado por Alexis Forero Valderrama (Alekos) a1a. edición b10a. reimpresión a146 páginas bilustraciones en color c21 cm  aLiteratura juvenil aCaperucita Roja -- Fábula de la pequeña bella durmiente -- Los tres cerditos -- El sapito que comía princesas -- El señor de la barba azul -- La princesa y las pulgas -- El secreto de la princesa -- El país de las bellas durmientes -- La princesa, el gato y el diablo -- El caballo del príncipe142LEMBaCuentos infantiles colombianos ySiglo XX142LEMBaLiteratura infantil colombiana ySiglo XX142LEMBaAnimales en la literatura142LEMBaHistorias de aventuras142LEMBaValores en la literatura 142LEMBaAmistad en la literatura 142LEMBaPríncipes y princesas en la literatura 1 aForero Valderrama, Alexis91640702aFábula de la pequeña bella durmiente aEl sapito que comía princesas aLos tres cerditos aEl señor de la barba azul aLa princesa, el gato y el diablo aEl país de las bellas durmientes aEl secreto de la princesa aLa prince 2loccBKINF aBogotábPanamericanac2008 atextobtxt2rdacontent asin mediaciónbn2rdamedia avolumenbnc2rdacarrier aCO-BoRNBPbspaerdacCO-BoRNBP aC ARC1 c6060d6060